000 00175 a2200085 4500
100 _aKevin Costner
245 _aThe man who saved the world
260 _c2014
264 _c2014
999 _c200431181
_d49393